Land-Locked Countries of Africa on a Map - Statistics

General Stats
  • This quiz has been taken 72 times
  • The average score is 15 of 16
Answers on the Map
Answers color-coded by a green-red scale on the quiz's map according to % correct below.
 
Answer Stats
Country % Correct
Niger
98%
South Sudan
98%
Botswana
97%
Chad
97%
Eswatini
97%
Ethiopia
97%
Lesotho
97%
Zambia
97%
Burundi
95%
Malawi
95%
Mali
95%
Rwanda
95%
Uganda
95%
Zimbabwe
95%
Burkina Faso
94%
Central African Republic
94%
No matching quizzes found
Score Distribution
Percent of People with Each Score
Percentile by Number Answered
Your Score History
You have not taken this quiz